Možnosti štúdia na vysokých školách v Českej republike

Zoznam vysokých škôl a fakúlt v Českej republike. Údaje o štúdiu. Informácie o študijných programoch a odboroch na univerzitách. Údaje pre akademický rok 1999/2000.

Saved in:
Bibliographic Details
Format: Book Chapter
Language:Slovak
Subjects:
Tags: Add Tag
No Tags, Be the first to tag this record!

MARC

LEADER 00000naa a2200000 4500
001 r034894
005 20230809074646.5
041 0 |a slo 
044 |a SK 
245 1 0 |a Možnosti štúdia na vysokých školách v Českej republike 
520 |a Zoznam vysokých škôl a fakúlt v Českej republike. Údaje o štúdiu. Informácie o študijných programoch a odboroch na univerzitách. Údaje pre akademický rok 1999/2000. 
610 2 0 |a školy vysoké 
610 2 0 |a univerzity 
610 2 0 |a adresáre 
610 2 0 |a štúdium vysokoškolské 
610 2 0 |a programy študijné 
610 2 0 |a odbory študijné 
610 2 0 |a Česko 
610 2 0 |a 1999-2000